MARC details
| 000 -CABECERA |
| campo de control de longitud fija |
00787nam a2200217 a 4500 |
| 001 - NÚMERO DE CONTROL |
| campo de control |
000006268 |
| 003 - IDENTIFICADOR DEL NÚMERO DE CONTROL |
| campo de control |
DO-SdBNP |
| 005 - FECHA Y HORA DE LA ÚLTIMA TRANSACCIÓN |
| campo de control |
20250306143522.0 |
| 007 - CAMPO FIJO DE DESCRIPCIÓN FÍSICA--INFORMACIÓN GENERAL |
| campo de control de longitud fija |
ta |
| 008 - DATOS DE LONGITUD FIJA--INFORMACIÓN GENERAL |
| campo de control de longitud fija |
090827s1983 dr a 000 0 spa d |
| 040 ## - FUENTE DE LA CATALOGACIÓN |
| Centro catalogador/agencia de origen |
DO-SdBNP |
| Lengua de catalogación |
spa |
| Centro/agencia transcriptor |
BNPHU |
| 082 ## - NÚMERO DE LA CLASIFICACIÓN DECIMAL DEWEY |
| Número de clasificación |
xxx |
| Número de documento/Ítem |
R426c |
| 110 1# - ENTRADA PRINCIPAL--NOMBRE DE ENTIDAD CORPORATIVA |
| Nombre de entidad corporativa o nombre de jurisdicción como elemento de entrada |
Academia de Ciencias de la República Dominicana |
| Unidad subordinada |
Universidad Autónoma de Santo Domingo |
| -- |
Departamento de psicología |
| 9 (RLIN) |
778 |
| 245 10 - MENCIÓN DE TÍTULO |
| Título |
Clínica de la conducta : |
| Resto del título |
primer taller evaluativo / |
| Mención de responsabilidad, etc. |
editores Josefina Zaiter de Zaglul, Mayra Brea de Cabral. |
| 260 ## - PUBLICACIÓN, DISTRIBUCIÓN, ETC. |
| Lugar de publicación, distribución, etc. |
Santo Domingo, : |
| Nombre del editor, distribuidor, etc. |
UASD, |
| Fecha de publicación, distribución, etc. |
1983. |
| 300 ## - DESCRIPCIÓN FÍSICA |
| Extensión |
94 p. : |
| Otras características físicas |
il. ; |
| Dimensiones |
21 cm. |
| 505 2# - NOTA DE CONTENIDO CON FORMATO |
| Nota de contenido con formato |
Incluye nota de contenido |
| 700 1# - PUNTO DE ACCESO ADICIONAL--NOMBRE DE PERSONA |
| Nombre de persona |
Záiter Mejía, Alba Josefina |
| Término indicativo de función/relación |
ed. |
| 9 (RLIN) |
2002 |
| 700 1# - PUNTO DE ACCESO ADICIONAL--NOMBRE DE PERSONA |
| Nombre de persona |
Brea de Cabral, Mayra, |
| Término indicativo de función/relación |
ed. |
| 9 (RLIN) |
17516 |
| 942 ## - ELEMENTOS DE PUNTO DE ACCESO ADICIONAL (KOHA) |
| Fuente del sistema de clasificación o colocación |
Dewey Decimal Classification |
| Tipo de ítem Koha |
Libro |